Briefwechsel mit B. Russell, G.E. Moore, J.M. Keynes, F.P. Ramsey, W. Eccles, P. Engelmann und L. von Ficker /

Bibliographic Details
Main Author: Wittgenstein, Ludwig, 1889-1951
Other Authors: McGuinness, B. F. (Bernard Francis), 1927-, Wright, G. H. von (Georg Henrik), 1916-2003
Format: Book
Language:German
English
Published: Frankfurt am Main : Suhrkamp, 1980.
Edition:1. Aufl.
Series:Briefe (Ludwig Wittgenstein)
Subjects:

MARC

Tag First Indicator Second Indicator Subfields
LEADER 00000cam a2200000 a 4500
001 in00000081079
005 20151008055410.0
008 810601s1980 gw 00110 ger d
020 |a 3518075357 
035 |a (OCoLC)07467042 
035 |9 AAJ3364AM 
040 |a CUZ  |c CUZ  |d TXA  |d UtOrBLW 
041 0 |a ger  |a eng 
049 |a TXAM  |c [1804503] 
090 |a B3376.W564  |b A45 
100 1 |a Wittgenstein, Ludwig,  |d 1889-1951. 
245 1 0 |a Briefwechsel mit B. Russell, G.E. Moore, J.M. Keynes, F.P. Ramsey, W. Eccles, P. Engelmann und L. von Ficker /  |c Ludwig Wittgenstein ; herausgegeben von B.F. McGuinness und G.H. von Wright. 
250 |a 1. Aufl. 
264 1 |a Frankfurt am Main :  |b Suhrkamp,  |c 1980. 
300 |a 306 pages ;  |c 23 cm. 
336 |a text  |b txt  |2 rdacontent 
337 |a unmediated  |b n  |2 rdamedia 
338 |a volume  |b nc  |2 rdacarrier 
490 1 |a Briefe / Ludwig Wittgenstein 
500 |a "Anhang: Originaltext der englischen verfassten Briefe Wittgensteins": pages 231-290. 
500 |a Includes index. 
600 1 0 |a Wittgenstein, Ludwig,  |d 1889-1951. 
650 0 |a Philosophers  |z Germany  |v Correspondence. 
700 1 |a McGuinness, B. F.  |q (Bernard Francis),  |d 1927- 
700 1 |a Wright, G. H. von  |q (Georg Henrik),  |d 1916-2003. 
830 0 |a Briefe (Ludwig Wittgenstein) 
999 |a MARS 
999 f f |s a3ed33f1-72f4-3bbe-b989-c70e0555cdcf  |i e9d4bc03-ed39-35f4-b8ad-05e967cb1962  |t 0 
952 f f |p ric  |a Texas A&M University  |b Rellis Campus  |c Joint Library Facility  |d Remote Storage  |t 0  |e B3376.W564 A45  |h Library of Congress classification  |i unmediated -- volume  |m A14806084740 
998 f f |a B3376.W564 A45  |t 0  |l Remote Storage